Shakespeare's twelfth night

Պահպանված է:
Մատենագիտական մանրամասներ
Ձևաչափ: Գիրք
Լեզու:Undetermined
Հրապարակվել է: Boston, Estados Unidos Allyn and Bacon 1965
Խորագրեր:
Ցուցիչներ: Ավելացրեք ցուցիչ
Չկան պիտակներ, Եղեք առաջինը, ով նշում է այս գրառումը!

MARC

LEADER 00000nam a2200000Ia 4500
008 170316s9999 xx 000 0 und d
040 |a cru BVZT 
090 |a 820 S-5sh 
245 |a Shakespeare's twelfth night 
260 |a Boston, Estados Unidos 
260 |b Allyn and Bacon 
260 |c 1965 
300 |a 184 páginas 
650 |a LITERATURA INGLESA 
999 |c 7181  |d 7181 
942 |c 15 D  |h 820 S-5sh  |2 z